An awfully good idea! (Record no. 74911)
[ view plain ]
| 000 -LEADER | |
|---|---|
| fixed length control field | 01297cab a2200169 4500 |
| 001 - CONTROL NUMBER | |
| control field | L129041 |
| 008 - FIXED-LENGTH DATA ELEMENTS--GENERAL INFORMATION | |
| fixed length control field | 050314n2005 000 0 eng u |
| 035 ## - SYSTEM CONTROL NUMBER | |
| System control number | (Sirsi) u129041 |
| 100 ## - MAIN ENTRY--PERSONAL NAME | |
| Personal name | Dale, P. |
| 245 #3 - TITLE STATEMENT | |
| Title | An awfully good idea! |
| 260 ## - PUBLICATION, DISTRIBUTION, ETC. | |
| Date of publication, distribution, etc. | 2005 |
| 490 ## - SERIES STATEMENT | |
| Series statement | GIS Professional |
| Volume/sequential designation | (3) March/April 2005, 24-25(2) |
| 520 ## - SUMMARY, ETC. | |
| Summary, etc. | Assesses the recently published "Independent review of the sustainability of a UK metadata service for geographically related information", jointly commissioned by the Association for Geographic Information and Ordnance Survey. Considers it to be a timely review in the context of a number of initiatives currently underway aimed at improving access to spatial data such as the European Commission backed INSPIRE proposal and the continuation of GIgateway, the national metadata service, after its current funding ceases in March 2006. The report is not a critique of GIgateway but attempts to make the case for a metadata service from first principles. It was unable to quantify the benefits of such a service using a cost-benefit analysis. Concludes that the review provides a case for extending GIgateway but a way needs to be found to secure sustainable funding. |
| 590 ## - LOCAL NOTE (RLIN) | |
| Local note | IKA150405 |
| 690 ## - LOCAL SUBJECT ADDED ENTRY--TOPICAL TERM (OCLC, RLIN) | |
| Topical term or geographic name as entry element | ENVIRONMENTAL AND LAND CONSULTANCY-GEOMATICS |
| 942 ## - ADDED ENTRY ELEMENTS (KOHA) | |
| Suppress in OPAC | 0 |
| Withdrawn status | Lost status | Source of classification or shelving scheme | Damaged status | Not for loan | Home library | Current library | Shelving location | Date acquired | Total Checkouts | Full call number | Barcode | Date last seen | Copy number | Price effective from | Koha item type |
|---|---|---|---|---|---|---|---|---|---|---|---|---|---|---|---|
| Other/Generic Classification Scheme | London | London | Journal article | 14/03/2005 | L129041 | 129041-1001 | 06/08/2019 | 1 | 06/08/2019 | Journal article |